000 00611nam a2200193Ia 4500
005 20260114185852.0
008 008 260114s9999 xx 000 0 eng d
020 _a9781838603991
037 _aEBOOK
040 _aCRL
_beng
_cCRL
041 _aeng
_2eng
084 _qCRL
100 _aJacqueline Fitzgibbon
_9875396
245 0 _aUS Politics, Propaganda and the Afghan Mujahedeen: Domestic Politics and the Afghan War
260 _bBloomsbury
_c2020
856 _uhttps://doi.org/10.5040/9781838603991?locatt=label:secondary_bloomsburyCollections
942 _cEBOOK
999 _c1474330
_d1474330